000 00564nam a22002177a 4500
003 UA-OsUOA
001 92846
007 ta
008 20121227b un ||||| |||| 00| 0 ukr d
100 _aБерезко Г.
090 _a821.161.1
_bБ48
942 _cBK
040 _aUA-OsUOA
_brus
_cUA-OsUOA
_dUA-OsUOA
245 _aИзбранные повести и рассказы
300 _a534 с.
955 _a3
041 _arus
080 _a821.161.1
650 7 _a82 Література. Літературознавство
_2UDC
999 _c379319
_d379319